| 000 | 00630nam a22002177a 4500 | ||
|---|---|---|---|
| 003 | OSt | ||
| 005 | 20151205084704.0 | ||
| 008 | 130307t xxu||||| |||| 00| 0 eng d | ||
| 020 | _a9780174482765 | ||
| 050 |
_aQD 31.2 _b.H645 2000 |
||
| 082 |
_aIB 540 _bH55 2000 |
||
| 100 |
_aHill, Graham _97414 |
||
| 245 |
_aChemistry in context _cGraham Hill and John Holman |
||
| 250 | _a6th ed. | ||
| 260 |
_aU.K : _bNelson Thornes, _cc2000. |
||
| 300 |
_a629 p. : _bcol. ill. ; _c28 cm. |
||
| 650 |
_aChemistry. _91508 |
||
| 650 |
_aInternational Baccalaureate Diploma Programme. _920910 |
||
| 942 |
_2lcc _cBK |
||
| 999 |
_c11683 _d11683 |
||